| 000 | 00856nmc a2200301 a 4500 | ||
|---|---|---|---|
| 003 | AR-BaBNM | ||
| 005 | 20251128202750.0 | ||
| 008 | 017019s1959 ||||||||||||||000 | spa|| | ||
| 040 | _cAR-BaBNM | ||
| 100 | 1 |
_aCané, Miguel _chijo _d1851-1905 |
|
| 245 | 1 | 0 | _aEn viaje |
| 260 |
_aBuenos Aires _bKapelusz _c1959 |
||
| 300 | 1 |
_axiv, 110 p. _bláms. |
|
| 490 | 0 | _aGrandes obras de la literatura universal | |
| 500 | 0 | _aContiene una selección de juicios de personalidades sobre la presente obra en p. 110 | |
| 650 | 4 | _aLITERATURA ARGENTINA | |
| 650 | 4 | _aESCRITORES | |
| 650 | 4 | _aVIAJES | |
| 650 | 4 | _aBIOGRAFIAS | |
| 650 | 4 | _aGENERACION DE 1880 | |
| 650 | 4 | _aVIDA LITERARIA | |
| 651 | 4 | _aAmérica del Sur | |
| 653 | 0 | _aCRONICAS | |
| 655 | _aLITERATURA | ||
| 700 | 1 |
_aEstrella Gutiérrez, Fermín _eprologuista |
|
| 942 | _cBK | ||
| 998 | _cMARTIN | ||
| 999 |
_c458 _d458 |
||